Mathématiciens de A à Z - Statistiques

Statistiques générales
  • Ce quiz a été pris 321 fois
  • Le résultat moyen est 11 sur 20
Statistiques - réponses
Lettre Indice Réponse % Correct
P a²+b²=c² Pythagore
91%
T Mathématicien ayant mesuré la hauteur des pyramides grâce à son célèbre théorème Thalès
83%
E e^(ix) = cos(x) + i sin(x) Leonhard Euler
79%
B A donné son nom à une loi de probabilité Bernoulli
78%
G Il aurait découvert la formule de la somme des n premiers entiers à seulement 5 ans Gauss
78%
F A donné son nom à un petit théorème Pierre de Fermat
74%
H Espace préhilbertien complet = espace de ... Hilbert
69%
N Sa formule permet de développer (x + y)^n Newton
69%
R Mathématicien allemand à l'origine d'un des problèmes du millénaire Riemann
65%
V Mathématicien et député français Cédric Villani
59%
C |⟨x,y⟩| ≤ ||x||.||y|| Cauchy
58%
M (cos(x) + i sin(x))^n = cos(nx) + i sin(nx) Moivre
52%
W À l'origine d'une fonction continue partout mais dérivable nulle part Weierstrass
45%
A A donné son nom à une transformation sur les séries Abel
39%
L A développé une théorie d'intégration Lebesgue
39%
D Inventeur de la plus célèbre distribution, notée δ Dirac
34%
J A donné son nom à un théorème de topologie plane qui dit qu'un lacet simple sépare un plan en deux Jordan
28%
O A établi (comme Green) le théorème de flux-divergence Ostrogradski
28%
K Var(X) = E[X²] - E[X]² König
27%
S Premier français à obtenir la médaille Fields pour ses travaux sur la théorie des distributions Schwartz
20%
Aucun quiz correspondant
Distribution des résultats
% des personnes avec chaque résultat
Percentile par nombre de réponses
Votre historique - résultats
Vous n’avez pas pris ce quiz